[Event "España tch 2010 Femenino"]
[Site "Cortegana ESP"]
[Date "2010.08.17"]
[Round "1.1"]
[White "Vega Gutierrez, Sabrina"]
[Black "Beltran Ortiz, Edda G"]
[Result "1-0"]
[WhiteElo "2373"]
[BlackElo "1878"]
[PlyCount "73"]
[EventDate "2010.08.17"]
[EventType "swiss"]
[EventRounds "7"]
[EventCountry "ESP"]
[Source "lmi"]
[SourceDate "2010.08.17"]

1. e4 c5 2. Nf3 Nc6 3. d4 cxd4 4. Nxd4 e5 5. Nb5 d6 6. N1c3 a6 7. Na3 b5 8. Nd5
Nge7 9. c4 Nd4 10. Bg5 h6 11. Bxe7 Bxe7 12. Bd3 Be6 13. cxb5 Bxd5 14. exd5 O-O
15. O-O Qa5 16. bxa6 Qxd5 17. Nb5 Rfc8 18. Re1 Qc5 19. Nxd4 Qxd4 20. Be4 Qxd1
21. Rexd1 Ra7 22. Bb7 Rc2 23. b4 d5 24. b5 Bc5 25. Rxd5 Bxf2+ 26. Kf1 Rb2 27.
a4 Bd4 28. Rd8+ Kh7 29. Be4+ g6 30. Rb1 Rf2+ 31. Ke1 Rf6 32. Rxd4 exd4 33. Bb7
Re6+ 34. Kd2 Re7 35. b6 Raxb7 36. axb7 Rxb7 37. a5 1-0

[Event "España tch 2010 Femenino"]
[Site "Cortegana ESP"]
[Date "2010.08.17"]
[Round "1.2"]
[White "Garcia Rodriguez, Sara"]
[Black "Vega Gutierrez, Belinda"]
[Result "0-1"]
[WhiteElo "1867"]
[BlackElo "2266"]
[PlyCount "56"]
[EventDate "2010.08.17"]
[EventType "swiss"]
[EventRounds "7"]
[EventCountry "ESP"]
[Source "lmi"]
[SourceDate "2010.08.17"]

1. e4 e5 2. Nf3 Nc6 3. Bc4 Nf6 4. d3 Be7 5. c3 O-O 6. Nbd2 d6 7. Bb3 Na5 8. Bc2
c5 9. O-O Qc7 10. Re1 Re8 11. Nf1 h6 12. h3 Bf8 13. Ng3 g6 14. Be3 Be6 15. Rc1
b5 16. Nh2 Bg7 17. f4 exf4 18. Bxf4 Nd7 19. d4 cxd4 20. cxd4 Qb6 21. Nf3 Ne5
22. Bxe5 dxe5 23. Kh1 exd4 24. e5 Rad8 25. b3 Nc6 26. Qe2 Bd5 27. Be4 Nxe5 28.
Bxd5 Rxd5 0-1

[Event "España tch 2010 Femenino"]
[Site "Cortegana ESP"]
[Date "2010.08.17"]
[Round "1.3"]
[White "Calzetta Ruiz, Monica"]
[Black "Romero Diez, Sandra"]
[Result "1-0"]
[WhiteElo "2256"]
[BlackElo "1845"]
[PlyCount "71"]
[EventDate "2010.08.17"]
[EventType "swiss"]
[EventRounds "7"]
[EventCountry "ESP"]
[Source "lmi"]
[SourceDate "2010.08.17"]

1. e4 e5 2. Nf3 Nc6 3. Bb5 f5 4. Nc3 fxe4 5. Nxe4 d5 6. Nxe5 dxe4 7. Nxc6 Qg5
8. Qe2 Nf6 9. f4 Qxf4 10. Ne5+ c6 11. d4 Qh4+ 12. g3 Qh3 13. Bc4 Be6 14. Bf4
Bd6 15. O-O-O O-O-O 16. Kb1 Rhe8 17. Rhf1 Kb8 18. a4 Bxc4 19. Qxc4 Nd5 20. Qe2
Nxf4 21. Rxf4 Qe6 22. Rxe4 Qd5 23. Nd7+ Rxd7 24. Rxe8+ Kc7 25. c4 Qf5+ 26. Qc2
Qf3 27. Rde1 Bb4 28. R1e4 Qf1+ 29. Ka2 Qf7 30. Qb3 Be7 31. Ra8 Qh5 32. c5 Bd8
33. a5 Qd5 34. Qxd5 Rxd5 35. a6 h6 36. Rxa7 1-0

[Event "España tch 2010 Femenino"]
[Site "Cortegana ESP"]
[Date "2010.08.17"]
[Round "1.4"]
[White "Gallardo Pina, Neus"]
[Black "Garcia Vicente, Nieves"]
[Result "0-1"]
[WhiteElo "1838"]
[BlackElo "2208"]
[PlyCount "82"]
[EventDate "2010.08.17"]
[EventType "swiss"]
[EventRounds "7"]
[EventCountry "ESP"]
[Source "lmi"]
[SourceDate "2010.08.17"]

1. f4 e5 2. fxe5 d6 3. exd6 Bxd6 4. Nf3 Nc6 5. d3 Bg4 6. Bg5 f6 7. Bh4 Qe7 8.
Nbd2 Nh6 9. Ne4 Bf4 10. e3 Bxe3 11. Qe2 Nd4 12. Qd1 Nhf5 13. Bf2 Bxf2+ 14. Kxf2
Nh4 15. Be2 Nxe2 16. Qxe2 O-O 17. Qd2 Bxf3 18. gxf3 Qe5 19. Qc3 Qf4 20. Nd2 Kh8
21. Rae1 Rae8 22. Re4 Rxe4 23. dxe4 Rd8 24. Nf1 Ng6 25. Qe3 Qe5 26. c3 Qb5 27.
b3 a5 28. Kg3 b6 29. h4 Rd3 30. Qc1 Qe5+ 31. Kf2 Qxc3 32. Qxc3 Rxc3 33. Ne3 h5
34. Nd5 Rc2+ 35. Kg3 b5 36. Ra1 c6 37. Nf4 Nxf4 38. Kxf4 Kh7 39. a3 Rb2 40. a4
Rxb3 41. axb5 Rxb5 0-1

[Event "España tch 2010 Femenino"]
[Site "Cortegana ESP"]
[Date "2010.08.17"]
[Round "1.5"]
[White "Aranaz Murillo, Amalia"]
[Black "Marin Benito, Carla"]
[Result "1-0"]
[WhiteElo "2190"]
[BlackElo "1832"]
[PlyCount "89"]
[EventDate "2010.08.17"]
[EventType "swiss"]
[EventRounds "7"]
[EventCountry "ESP"]
[Source "lmi"]
[SourceDate "2010.08.17"]

1. Nf3 Nf6 2. c4 g6 3. Nc3 Bg7 4. e4 d6 5. d4 O-O 6. Be2 e5 7. d5 a5 8. Bg5 h6
9. Bh4 Na6 10. Nd2 Qe8 11. O-O Nh7 12. a3 Bd7 13. Kh1 h5 14. f3 Bh6 15. b3 Bg5
16. Bxg5 Nxg5 17. Rb1 f5 18. exf5 Bxf5 19. Rb2 Nc5 20. Ndb1 e4 21. f4 Nh7 22.
Nb5 Qd7 23. Nd4 Rae8 24. Nc3 Nf6 25. Ncb5 Bg4 26. Bxg4 Nxg4 27. Re2 Rf7 28. Qd2
b6 29. b4 Nb7 30. Ne6 Nf6 31. f5 gxf5 32. Qg5+ Kh8 33. Rxf5 Nh7 34. Qxh5 Rxf5
35. Qxf5 c6 36. dxc6 Qxc6 37. Qxe4 Qd7 38. h3 Nd8 39. Nbd4 Nf7 40. Nf3 Nd8 41.
Qd4+ Kg8 42. Qg4+ Kh8 43. Nfd4 Rg8 44. Qh5 Nf7 45. Nf3 1-0

[Event "España tch 2010 Femenino"]
[Site "Cortegana ESP"]
[Date "2010.08.17"]
[Round "1.6"]
[White "Buiza Prieto, Eihartze"]
[Black "Gutierrez Castillo, Paloma"]
[Result "0-1"]
[WhiteElo "1766"]
[BlackElo "2167"]
[PlyCount "46"]
[EventDate "2010.08.17"]
[EventType "swiss"]
[EventRounds "7"]
[EventCountry "ESP"]
[Source "lmi"]
[SourceDate "2010.08.17"]

1. e4 e5 2. Nf3 Nc6 3. Bc4 Bc5 4. c3 Nf6 5. d3 O-O 6. h3 d6 7. Bg5 Na5 8. b4
Nxc4 9. bxc5 Na5 10. Nbd2 Re8 11. cxd6 Qxd6 12. Qa4 Nc6 13. Bxf6 Qxf6 14. Nc4
Bd7 15. Ne3 Be6 16. O-O Bxh3 17. Nd5 Qg6 18. Nh4 Qg4 19. f3 Qxh4 20. gxh3 Qg3+
21. Kh1 Qxh3+ 22. Kg1 Qg3+ 23. Kh1 Re6 0-1

[Event "España tch 2010 Femenino"]
[Site "Cortegana ESP"]
[Date "2010.08.17"]
[Round "1.7"]
[White "Pascual Palomo, Lucia"]
[Black "Garcia Porlan, Beatriz"]
[Result "1-0"]
[WhiteElo "2126"]
[BlackElo "1702"]
[PlyCount "45"]
[EventDate "2010.08.17"]
[EventType "swiss"]
[EventRounds "7"]
[EventCountry "ESP"]
[Source "lmi"]
[SourceDate "2010.08.17"]

1. e4 e5 2. Nf3 Nc6 3. d4 exd4 4. Nxd4 Nf6 5. Nxc6 bxc6 6. e5 Nd5 7. c4 Nb6 8.
b3 Be7 9. Bb2 O-O 10. Bd3 Re8 11. O-O Bf8 12. Nd2 d6 13. f4 d5 14. f5 a5 15.
Rc1 a4 16. Nf3 axb3 17. axb3 Nd7 18. f6 g6 19. e6 Rxe6 20. Ng5 Re8 21. Nxh7
Kxh7 22. Qh5+ Kg8 23. Bxg6 1-0

[Event "España tch 2010 Femenino"]
[Site "Cortegana ESP"]
[Date "2010.08.17"]
[Round "1.8"]
[White "Crespo Ramos, Maria"]
[Black "Redondo Arguelles, Graciela"]
[Result "0-1"]
[WhiteElo "1692"]
[BlackElo "2102"]
[PlyCount "68"]
[EventDate "2010.08.17"]
[EventType "swiss"]
[EventRounds "7"]
[EventCountry "ESP"]
[Source "lmi"]
[SourceDate "2010.08.17"]

1. e4 e6 2. d4 d5 3. Be3 dxe4 4. Nd2 Nf6 5. f3 Nd5 6. Qe2 Nxe3 7. Qxe3 exf3 8.
Ngxf3 Be7 9. Bd3 c5 10. dxc5 Qa5 11. c3 Qxc5 12. Qe5 f5 13. Qe2 Nc6 14. Nc4 Bf6
15. O-O-O O-O 16. Rhe1 b5 17. Nce5 Nb4 18. Kb1 Nd5 19. Qd2 a5 20. Rc1 Qb6 21.
c4 bxc4 22. Bxc4 Rd8 23. Qe2 Nf4 24. Qc2 Rb8 25. b3 Nd5 26. Qe2 Bb7 27. Nd3 Re8
28. Nfe5 Rbd8 29. g3 a4 30. Nf4 axb3 31. axb3 Qd4 32. Nxd5 exd5 33. Qb2 Qxb2+
34. Kxb2 dxc4 0-1

[Event "España tch 2010 Femenino"]
[Site "Cortegana ESP"]
[Date "2010.08.17"]
[Round "1.9"]
[White "Rodrigo Yanguas, Maria"]
[Black "Vieito Ribelles, Ariadna"]
[Result "1-0"]
[WhiteElo "2092"]
[BlackElo "1679"]
[PlyCount "65"]
[EventDate "2010.08.17"]
[EventType "swiss"]
[EventRounds "7"]
[EventCountry "ESP"]
[Source "lmi"]
[SourceDate "2010.08.17"]

1. e4 e5 2. Nf3 Nc6 3. d4 exd4 4. Nxd4 Bb4+ 5. c3 Bc5 6. Be3 Bb6 7. Nd2 d6 8.
Be2 Bd7 9. O-O Nf6 10. f4 Qe7 11. Bf3 Nxd4 12. cxd4 Bc6 13. Qc2 O-O 14. Rfe1
Rfe8 15. Bf2 Rab8 16. Kh1 Bd7 17. h3 c6 18. Nc4 Bc7 19. Bh4 Qf8 20. Ne3 Bd8 21.
Bg3 Bb6 22. Rad1 Ba5 23. Rf1 Rec8 24. Nc4 Bc7 25. Qd3 b5 26. Ne3 c5 27. dxc5
dxc5 28. e5 c4 29. Qe4 Bb6 30. exf6 Re8 31. Rxd7 Bxe3 32. Qd5 Bc5 33. Qg5 1-0

[Event "España tch 2010 Femenino"]
[Site "Cortegana ESP"]
[Date "2010.08.17"]
[Round "1.10"]
[White "Gonzalez Benavides, Pilar"]
[Black "Perera Borrego, Mariela"]
[Result "0-1"]
[WhiteElo "1434"]
[BlackElo "2068"]
[PlyCount "52"]
[EventDate "2010.08.17"]
[EventType "swiss"]
[EventRounds "7"]
[EventCountry "ESP"]
[Source "lmi"]
[SourceDate "2010.08.17"]

1. e4 d6 2. d4 Nf6 3. Nc3 e5 4. Nf3 Nbd7 5. Bc4 Be7 6. O-O O-O 7. a4 c6 8. Ba2
a5 9. h3 Qb6 10. Re1 exd4 11. Nxd4 Ne5 12. Bb3 Bxh3 13. Be3 c5 14. Nf5 Bxf5 15.
exf5 Qb4 16. Bd2 Qh4 17. Nd5 Nxd5 18. Bxd5 Bf6 19. Bc3 Ng4 20. Bxf6 Qxf2+ 21.
Kh1 Nxf6 22. Bxb7 Rab8 23. Re7 Qh4+ 24. Kg1 Ng4 25. Rd7 Qh2+ 26. Kf1 Ne3+ 0-1

[Event "España tch 2010 Femenino"]
[Site "Cortegana ESP"]
[Date "2010.08.17"]
[Round "1.11"]
[White "Collado Barbas, Laura"]
[Black "Saiz Lopez, Laura"]
[Result "1-0"]
[WhiteElo "2051"]
[BlackElo "1420"]
[PlyCount "29"]
[EventDate "2010.08.17"]
[EventType "swiss"]
[EventRounds "7"]
[EventCountry "ESP"]
[Source "lmi"]
[SourceDate "2010.08.17"]

1. d4 e6 2. c4 d5 3. Nc3 Nf6 4. cxd5 exd5 5. Bg5 Be6 6. e3 Nbd7 7. Bd3 Bd6 8.
Nge2 c6 9. Qc2 h6 10. Bh4 O-O 11. h3 Re8 12. g4 g5 13. Bg3 Qc7 14. O-O-O c5 15.
Nb5 1-0

[Event "España tch 2010 Femenino"]
[Site "Cortegana ESP"]
[Date "2010.08.17"]
[Round "1.12"]
[White "Acebal Muniz, Maria Concepcion"]
[Black "Gonzalez Berruga, Ana Isabel"]
[Result "0-1"]
[WhiteElo "1265"]
[BlackElo "2008"]
[PlyCount "92"]
[EventDate "2010.08.17"]
[EventType "swiss"]
[EventRounds "7"]
[EventCountry "ESP"]
[Source "lmi"]
[SourceDate "2010.08.17"]

1. e4 c5 2. Nf3 d6 3. c4 Nf6 4. Nc3 Nc6 5. d4 cxd4 6. Nxd4 g6 7. Be2 Bg7 8. Be3
O-O 9. O-O Bd7 10. Rc1 Ne5 11. f3 Rc8 12. b3 a6 13. Qd2 Re8 14. Rfd1 Bc6 15.
Qb2 b6 16. Qd2 Bb7 17. Kf1 Ned7 18. Kg1 e6 19. Bd3 d5 20. cxd5 exd5 21. Nxd5
Bxd5 22. exd5 Nxd5 23. Bg5 Bxd4+ 24. Kf1 Ne3+ 25. Bxe3 Bxe3 26. Qb2 Rxc1 27.
Rxc1 Bxc1 28. Qxc1 Nc5 29. Bc4 Nd3 30. Qd2 Re1+ 31. Qxe1 Nxe1 32. Kxe1 b5 33.
Be2 Qa5+ 34. Kf2 Qxa2 35. b4 Qb2 36. g4 Qxb4 37. Kg3 Qe1+ 38. Kh3 Qxe2 39. f4
h5 40. Kg3 Qxg4+ 41. Kf2 Qxf4+ 42. Kg2 b4 43. h3 b3 44. h4 b2 45. Kh3 b1=Q 46.
Kg2 Qbf1# 0-1

[Event "España tch 2010 Femenino"]
[Site "Cortegana ESP"]
[Date "2010.08.18"]
[Round "2.1"]
[White "Perera Borrego, Mariela"]
[Black "Vega Gutierrez, Sabrina"]
[Result "0-1"]
[WhiteElo "2068"]
[BlackElo "2373"]
[PlyCount "62"]
[EventDate "2010.08.17"]
[EventType "swiss"]
[EventRounds "7"]
[EventCountry "ESP"]
[Source "lmi"]
[SourceDate "2010.08.17"]

1. d4 d5 2. Nf3 Nf6 3. c4 e6 4. Bg5 Be7 5. Nc3 O-O 6. e3 h6 7. Bh4 b6 8. Rc1
Nbd7 9. cxd5 exd5 10. Bb5 Bb7 11. Ne5 Nxe5 12. dxe5 Ne4 13. Bg3 Nxg3 14. hxg3
Bc5 15. O-O c6 16. Bd3 Qg5 17. Na4 Be7 18. f4 Qxg3 19. Rf3 Qg4 20. Qc2 f5 21.
Kh2 c5 22. Rg3 Qh5+ 23. Rh3 Qf7 24. g4 fxg4 25. Bg6 Qe6 26. Rh5 d4 27. Bf5 Rxf5
28. Qxf5 Qxf5 29. Rxf5 Be4 30. Rh5 Bg6 31. exd4 cxd4 0-1

[Event "España tch 2010 Femenino"]
[Site "Cortegana ESP"]
[Date "2010.08.18"]
[Round "2.2"]
[White "Vega Gutierrez, Belinda"]
[Black "Rodrigo Yanguas, Maria"]
[Result "1-0"]
[WhiteElo "2266"]
[BlackElo "2092"]
[PlyCount "87"]
[EventDate "2010.08.17"]
[EventType "swiss"]
[EventRounds "7"]
[EventCountry "ESP"]
[Source "lmi"]
[SourceDate "2010.08.17"]

1. e4 e6 2. d4 d5 3. Nd2 Be7 4. Ngf3 Nf6 5. e5 Nfd7 6. Bd3 c5 7. c3 Nc6 8. O-O
Nb6 9. Re1 Bd7 10. dxc5 Bxc5 11. Nb3 Be7 12. Nbd4 a6 13. Qd2 Nc4 14. Qf4 g5 15.
Qg3 h6 16. h4 Qc7 17. b3 Nb6 18. Nxc6 Qxc6 19. Bd2 gxh4 20. Qg7 O-O-O 21. Qxf7
Bc5 22. Nd4 Bxd4 23. cxd4 Rdf8 24. Qe7 Re8 25. Qxh4 Qc7 26. Rac1 Bc6 27. Bb4
Qg7 28. Bxa6 Rhg8 29. Qh3 Kb8 30. Bf1 Qf7 31. Bd6+ Kc8 32. a4 Kd7 33. b4 Ref8
34. Bxf8 Rxf8 35. Qh4 Bxa4 36. Rc3 Rg8 37. Rg3 Rc8 38. Qxh6 Qf5 39. Bd3 Qf8 40.
Qh7+ Kc6 41. b5+ Bxb5 42. Bxb5+ Kxb5 43. Rb3+ Ka5 44. Qxb7 1-0

[Event "España tch 2010 Femenino"]
[Site "Cortegana ESP"]
[Date "2010.08.18"]
[Round "2.3"]
[White "Gonzalez Berruga, Ana Isabel"]
[Black "Calzetta Ruiz, Monica"]
[Result "0-1"]
[WhiteElo "2008"]
[BlackElo "2256"]
[PlyCount "98"]
[EventDate "2010.08.17"]
[EventType "swiss"]
[EventRounds "7"]
[EventCountry "ESP"]
[Source "lmi"]
[SourceDate "2010.08.17"]

1. d4 Nf6 2. c4 c5 3. d5 b5 4. cxb5 a6 5. b6 d6 6. Nc3 Nbd7 7. e4 g6 8. a4 Qxb6
9. a5 Qb4 10. Ra4 Qb7 11. f4 Bg7 12. Nf3 O-O 13. Bc4 Ne8 14. O-O Nc7 15. Qe2
Nf6 16. Ra3 Bd7 17. Rb3 Bb5 18. Nd2 Rab8 19. Kh1 Bxc4 20. Qxc4 Nb5 21. Qe2 Qd7
22. Nxb5 axb5 23. a6 b4 24. Nf3 Qa4 25. Nd2 Ra8 26. Rh3 Qxa6 27. Qf2 h5 28. Rg3
c4 29. Re1 Ng4 30. Qf3 c3 31. bxc3 bxc3 32. Nb1 Qb6 33. h3 Qxb1 34. hxg4 h4 35.
Rh3 Ra1 36. Qe3 c2 37. e5 Rb8 38. Kh2 Qa2 39. Qd2 dxe5 40. fxe5 Qc4 41. Rc3
Qxg4 42. Rxc2 Bxe5+ 43. Kg1 Bd4+ 44. Kh1 h3 45. gxh3 Qxh3+ 46. Qh2 Qf3+ 47. Qg2
Qh5+ 48. Qh2 Qxd5+ 49. Rg2 Rbb1 0-1

[Event "España tch 2010 Femenino"]
[Site "Cortegana ESP"]
[Date "2010.08.18"]
[Round "2.4"]
[White "Garcia Vicente, Nieves"]
[Black "Collado Barbas, Laura"]
[Result "1-0"]
[WhiteElo "2208"]
[BlackElo "2051"]
[PlyCount "65"]
[EventDate "2010.08.17"]
[EventType "swiss"]
[EventRounds "7"]
[EventCountry "ESP"]
[Source "lmi"]
[SourceDate "2010.08.17"]

1. d4 d5 2. c4 e6 3. Nf3 c6 4. Bg5 Nf6 5. Qc2 dxc4 6. Qxc4 b5 7. Qc2 Bb7 8.
Nbd2 Nbd7 9. e3 Qb6 10. Be2 Rc8 11. a4 a6 12. Qb3 Be7 13. O-O O-O 14. Rfd1 Nd5
15. e4 Bxg5 16. exd5 Bxd2 17. dxe6 fxe6 18. Qxe6+ Kh8 19. Rxd2 Nf6 20. Bd3 Rce8
21. Qh3 Bc8 22. Qh4 c5 23. axb5 axb5 24. dxc5 Qxc5 25. Qg5 Qc7 26. Rc2 Qd6 27.
Bxb5 Ne4 28. Qe3 Re7 29. Qa3 Qf6 30. Rc6 Qf7 31. Bc4 Qe8 32. Rxc8 Qxc8 33. Qxe7
1-0

[Event "España tch 2010 Femenino"]
[Site "Cortegana ESP"]
[Date "2010.08.18"]
[Round "2.5"]
[White "Nieto Asencio, Mari Carmen"]
[Black "Aranaz Murillo, Amalia"]
[Result "0-1"]
[WhiteElo "1952"]
[BlackElo "2190"]
[PlyCount "80"]
[EventDate "2010.08.17"]
[EventType "swiss"]
[EventRounds "7"]
[EventCountry "ESP"]
[Source "lmi"]
[SourceDate "2010.08.17"]

1. d4 d5 2. Nf3 Nf6 3. e3 c5 4. dxc5 e6 5. b4 a5 6. c3 axb4 7. cxb4 b6 8. a4
bxc5 9. b5 Bd6 10. Be2 Nbd7 11. O-O O-O 12. Bb2 Bb7 13. Nbd2 Re8 14. Nb3 Bc7
15. Qc2 c4 16. Nbd2 Nc5 17. Bd4 Qd6 18. Be5 Qb6 19. Bxc7 Qxc7 20. Rfb1 Ra5 21.
Rb4 Nfd7 22. Nb1 Rea8 23. Nc3 Nb3 24. Ra3 Qd6 25. Na2 Bc8 26. Nd4 Nxd4 27. exd4
Rxb5 28. Rxb5 Qxa3 29. Nc3 g6 30. h3 Rb8 31. Rxb8 Nxb8 32. Qb1 Nc6 33. Qb6 Bd7
34. Qb7 Qxc3 35. Qxd7 Qa1+ 36. Kh2 Nxd4 37. Bf3 Nxf3+ 38. gxf3 Qb2 39. Kg2 c3
40. Qd8+ Kg7 0-1

[Event "España tch 2010 Femenino"]
[Site "Cortegana ESP"]
[Date "2010.08.18"]
[Round "2.6"]
[White "Gutierrez Castillo, Paloma"]
[Black "Salido Polo, Veronica"]
[Result "0-1"]
[WhiteElo "2167"]
[BlackElo "1984"]
[PlyCount "116"]
[EventDate "2010.08.17"]
[EventType "swiss"]
[EventRounds "7"]
[EventCountry "ESP"]
[Source "lmi"]
[SourceDate "2010.08.17"]

1. e4 c5 2. Nf3 Nc6 3. Bb5 g6 4. Bxc6 dxc6 5. d3 Bg7 6. h3 b6 7. Nc3 e5 8. Be3
Ne7 9. Qd2 h6 10. g4 g5 11. O-O-O Ng6 12. Rdg1 Nf4 13. h4 f6 14. Nh2 Be6 15.
Nf1 Qd7 16. f3 O-O-O 17. Ng3 c4 18. dxc4 Qf7 19. Qf2 Bxc4 20. Bxf4 gxf4 21. Nf5
Bf8 22. Rd1 Bc5 23. Qg2 Bxa2 24. Na4 Qc4 25. Nxc5 Qxc5 26. Qg1 Rxd1+ 27. Qxd1
Rd8 28. Qe1 Bb3 29. Qc3 Qxc3 30. bxc3 Bc4 31. Rh2 a5 32. Nxh6 a4 33. Kb2 b5 34.
Nf5 c5 35. h5 b4 36. cxb4 cxb4 37. Ne7+ Kd7 38. Nd5 Bxd5 39. exd5 Kd6 40. c3
bxc3+ 41. Kxc3 Rc8+ 42. Kb4 Kxd5 43. Rd2+ Ke6 44. Kxa4 Rb8 45. h6 Kf7 46. Rd7+
Kg6 47. Rd6 Rf8 48. Kb5 Kxh6 49. Kc6 Rf7 50. Kd5 Kg5 51. Rd8 Ra7 52. Ke6 Ra6+
53. Kf7 e4 54. Rg8+ Kh4 55. fxe4 f3 56. g5 fxg5 57. e5 f2 58. Rh8+ Kg3 0-1

[Event "España tch 2010 Femenino"]
[Site "Cortegana ESP"]
[Date "2010.08.18"]
[Round "2.8"]
[White "Redondo Arguelles, Graciela"]
[Black "Terrones Launes, Mireia"]
[Result "1/2-1/2"]
[WhiteElo "2102"]
[BlackElo "1933"]
[PlyCount "109"]
[EventDate "2010.08.17"]
[EventType "swiss"]
[EventRounds "7"]
[EventCountry "ESP"]
[Source "lmi"]
[SourceDate "2010.08.17"]

1. e4 e5 2. Nf3 Nc6 3. Bb5 a6 4. Ba4 Nf6 5. O-O b5 6. Bb3 Be7 7. Bd5 Bb7 8. c3
d6 9. d4 Rb8 10. Re1 exd4 11. Bxc6+ Bxc6 12. Nxd4 Bb7 13. f3 O-O 14. a4 Qd7 15.
axb5 axb5 16. Be3 Rfe8 17. Na3 Bc6 18. Nac2 Ra8 19. Qd3 Reb8 20. Nb4 Rxa1 21.
Rxa1 Ba8 22. Na6 Rc8 23. Qxb5 c6 24. Qf1 Bb7 25. Nf5 Bf8 26. Nb4 c5 27. Nd3 d5
28. Ng3 dxe4 29. fxe4 Nxe4 30. Ne5 Qe6 31. Qf4 Nxg3 32. Qxg3 Re8 33. Bf4 Bd6
34. Nf3 Bxf4 35. Qxf4 Bxf3 36. Qxf3 c4 37. h3 h6 38. Ra4 Rb8 39. Qf4 Rc8 40.
Kh2 Qe2 41. Ra7 Qe6 42. Rb7 Qd5 43. Rb4 Qe6 44. Rb8 Rxb8 45. Qxb8+ Kh7 46. Qc7
Kg8 47. Qd8+ Kh7 48. Qd4 Kg8 49. Kg3 Qe2 50. h4 h5 51. Qf2 Qg4+ 52. Kh2 Qe6 53.
Qf3 g6 54. Qf4 Kg7 55. Qd4+ 1/2-1/2

[Event "España tch 2010 Femenino"]
[Site "Cortegana ESP"]
[Date "2010.08.18"]
[Round "2.9"]
[White "Beltran Ortiz, Edda G"]
[Black "Crespo Ramos, Maria"]
[Result "1/2-1/2"]
[WhiteElo "1878"]
[BlackElo "1692"]
[PlyCount "76"]
[EventDate "2010.08.17"]
[EventType "swiss"]
[EventRounds "7"]
[EventCountry "ESP"]
[Source "lmi"]
[SourceDate "2010.08.17"]

1. e4 c5 2. Nf3 Nc6 3. d4 cxd4 4. Nxd4 e5 5. Nb5 a6 6. Nd6+ Bxd6 7. Qxd6 Qf6 8.
Qxf6 Nxf6 9. Nc3 Nb4 10. Bd3 d5 11. O-O Be6 12. f4 exf4 13. Bxf4 dxe4 14. Nxe4
Nxd3 15. Nxf6+ gxf6 16. cxd3 Rc8 17. Rac1 O-O 18. b3 Kg7 19. Kf2 Rfd8 20. Rxc8
Rxc8 21. Rc1 Kg6 22. Rxc8 Bxc8 23. Ke3 Kf5 24. g3 Kg4 25. h4 Kf5 26. Kd4 Ke6
27. Kc5 Bd7 28. a4 Bc6 29. d4 Be4 30. b4 Bc6 31. b5 axb5 32. axb5 Bf3 33. Kb6
Be4 34. Kc5 Bf3 35. Bh6 Be4 36. Bg7 Bf3 37. Bh8 Be4 38. Bg7 Bf3 1/2-1/2

[Event "España tch 2010 Femenino"]
[Site "Cortegana ESP"]
[Date "2010.08.18"]
[Round "2.10"]
[White "Vieito Ribelles, Ariadna"]
[Black "Garcia Rodriguez, Sara"]
[Result "0-1"]
[WhiteElo "1679"]
[BlackElo "1867"]
[PlyCount "92"]
[EventDate "2010.08.17"]
[EventType "swiss"]
[EventRounds "7"]
[EventCountry "ESP"]
[Source "lmi"]
[SourceDate "2010.08.17"]

1. c4 e5 2. g3 Nf6 3. Bg2 d5 4. d3 Bc5 5. cxd5 Nxd5 6. Nf3 Nc6 7. a3 a5 8. Qc2
Be7 9. Bd2 O-O 10. Nc3 Nb6 11. O-O Be6 12. Ne4 Bd5 13. Nc5 Bxf3 14. Bxf3 Nd4
15. Qc3 Bxc5 16. Qxc5 Nb3 17. Qc3 Nxa1 18. Rxa1 Qd6 19. Bxb7 Rab8 20. Bf3 Nd7
21. Rc1 c5 22. Qxa5 Rxb2 23. Be3 Rc8 24. Qc3 Rbb8 25. Bg4 f6 26. Qc4+ Kh8 27.
Qf7 Rc7 28. Bxd7 Rxd7 29. Qc4 Rc8 30. Bxc5 Qd5 31. Qxd5 Rxd5 32. Be3 Rxc1+ 33.
Bxc1 Rc5 34. Bd2 Rc2 35. Bb4 Rxe2 36. Kf1 Rb2 37. h4 Kg8 38. Kg2 Rb3 39. Kf3
Rxd3+ 40. Ke4 Rd4+ 41. Ke3 Kf7 42. f4 Ke6 43. fxe5 fxe5 44. Ke2 Kf5 45. Kf3
Rd3+ 46. Ke2 Rxg3 0-1

[Event "España tch 2010 Femenino"]
[Site "Cortegana ESP"]
[Date "2010.08.18"]
[Round "2.11"]
[White "Romero Diez, Sandra"]
[Black "Gonzalez Benavides, Pilar"]
[Result "0-1"]
[WhiteElo "1845"]
[BlackElo "1434"]
[PlyCount "105"]
[EventDate "2010.08.17"]
[EventType "swiss"]
[EventRounds "7"]
[EventCountry "ESP"]
[Source "lmi"]
[SourceDate "2010.08.17"]

1. d4 d5 2. Nf3 Nf6 3. c4 c6 4. g3 Bf5 5. Bg2 e6 6. O-O Nbd7 7. Nc3 Be7 8. b3
O-O 9. Bb2 h6 10. h3 Re8 11. Ne5 Bd6 12. g4 Bh7 13. f4 dxc4 14. Nxc4 Bf8 15. e4
Nb6 16. Ne5 c5 17. d5 exd5 18. exd5 Bd6 19. Re1 Qc7 20. Nb5 Qb8 21. Nxd6 Qxd6
22. Nc4 Nxc4 23. bxc4 Qxf4 24. Rxe8+ Rxe8 25. Qf1 Qxf1+ 26. Bxf1 b6 27. Rd1 Rd8
28. Re1 Kf8 29. Bg2 Bd3 30. Bf1 Bxf1 31. Kxf1 b5 32. Ba3 b4 33. Bb2 a5 34. Ke2
Re8+ 35. Kd1 Rxe1+ 36. Kxe1 Ne4 37. Ke2 g6 38. Ke3 Nd6 39. Kd3 Ke7 40. h4 h5
41. g5 Nf5 42. Bf6+ Kd7 43. Kc2 a4 44. Kd3 Nxh4 45. Ke4 Nf5 46. Be5 Nd6+ 47.
Kd3 Nf5 48. Ke4 h4 49. Bf6 Nd4 50. Be5 b3 51. axb3 axb3 52. Bxd4 cxd4 53. Kd3
0-1

[Event "España tch 2010 Femenino"]
[Site "Cortegana ESP"]
[Date "2010.08.18"]
[Round "2.12"]
[White "Saiz Lopez, Laura"]
[Black "Gallardo Pina, Neus"]
[Result "0-1"]
[WhiteElo "1420"]
[BlackElo "1838"]
[PlyCount "66"]
[EventDate "2010.08.17"]
[EventType "swiss"]
[EventRounds "7"]
[EventCountry "ESP"]
[Source "lmi"]
[SourceDate "2010.08.17"]

1. d4 Nf6 2. Nc3 g6 3. e3 Bg7 4. Nf3 O-O 5. Bd3 d6 6. h3 b6 7. O-O Bb7 8. Re1
Nbd7 9. e4 e5 10. d5 Nc5 11. Bc4 a5 12. Bg5 h6 13. Bxf6 Qxf6 14. Qd2 Qe7 15.
Qe2 f5 16. Nd2 f4 17. a3 Kh7 18. b4 Nd7 19. f3 Nf6 20. b5 Nh5 21. Nf1 Bc8 22.
Qf2 Bf6 23. Qd2 Bh4 24. Rad1 Qg5 25. Kh2 Bg3+ 26. Kh1 Qh4 27. Nxg3 fxg3 28. Bf1
Bxh3 29. gxh3 Rxf3 30. Bg2 Rf2 31. Qc1 Nf4 32. Rd2 Rxg2 33. Rxg2 Qxh3+ 0-1

[Event "España tch 2010 Femenino"]
[Site "Cortegana ESP"]
[Date "2010.08.18"]
[Round "2.13"]
[White "Marin Benito, Carla"]
[Black "Acebal Muniz, Maria Concepcion"]
[Result "1-0"]
[WhiteElo "1832"]
[BlackElo "1265"]
[PlyCount "85"]
[EventDate "2010.08.17"]
[EventType "swiss"]
[EventRounds "7"]
[EventCountry "ESP"]
[Source "lmi"]
[SourceDate "2010.08.17"]

1. e4 e5 2. Nc3 Nf6 3. g3 Bc5 4. Bg2 O-O 5. Nge2 d6 6. O-O Bg4 7. h3 Be6 8. d3
Qd7 9. Kh2 Nc6 10. Nd5 Qd8 11. Bg5 Bxd5 12. exd5 Nb8 13. Nc3 Nbd7 14. Na4 Bb4
15. c3 Ba5 16. b4 Bb6 17. Nxb6 Nxb6 18. c4 Nbd7 19. Qd2 Re8 20. Rae1 h6 21. Be3
Qe7 22. f4 a6 23. fxe5 Nxe5 24. Bf4 Qd7 25. Qc3 Re7 26. Bxe5 Rxe5 27. Rxe5 dxe5
28. Qxe5 Re8 29. Qc3 b6 30. Re1 Qa4 31. Rxe8+ Qxe8 32. c5 Qe2 33. d6 cxd6 34.
cxb6 Nd7 35. Qc8+ Nf8 36. b7 Qxd3 37. b8=Q Qe2 38. Qxf8+ Kh7 39. Qh8+ Kg6 40.
Qxd6+ f6 41. Qd7 Qxa2 42. Qhxg7+ Kh5 43. Qdg4# 1-0